Giáo trình địa lý các châu lục T.2 Châu Nam cực, châu Đại dương, châu Á và phương pháp dạy học bộ môn
Trình bày khái niệm và những kiến thức cơ bản về địa lí tự nhiên châu Nam Cực, châu đại Dương, châu Á; Khái quát về địa lí nhân văn và đặc điểm phát triển kinh tế xã hội các nước châu Á; Phương pháp dạy học bộ môn địa lí các châu......
Bewaard in:
| Hoofdauteur: | |
|---|---|
| Andere auteurs: | |
| Formaat: | Boek |
| Taal: | Vietnamese |
| Gepubliceerd in: |
H.
Đại học Sư phạm
2012
|
| Editie: | In lần thứ 4 |
| Onderwerpen: | |
| Tags: |
Voeg label toe
Geen labels, Wees de eerste die dit record labelt!
|
| Thư viện lưu trữ: | Mạng thư viện Đại học Đà Nẵng |
|---|
| LEADER | 02486aam a22005058a 4500 | ||
|---|---|---|---|
| 001 | 000023256 | ||
| 003 | 19706 | ||
| 005 | 20150605150600.0 | ||
| 008 | 150605s2012 viesd | ||
| 020 | |c 45000đ |d 500b | ||
| 041 | 0 | |a vie | |
| 082 | 1 | 4 | |2 14 |a 910.71 |b NG-H |
| 100 | 1 | |a Nguyễn Phi Hạnh | |
| 245 | 1 | 0 | |a Giáo trình địa lý các châu lục |c Nguyễn Phi Hạnh (ch.b.), Ông Thị Đan Thanh |n T.2 |p Châu Nam cực, châu Đại dương, châu Á và phương pháp dạy học bộ môn |
| 246 | |a Giáo trình địa lí các châu lục | ||
| 250 | |a In lần thứ 4 | ||
| 260 | |a H. |b Đại học Sư phạm |c 2012 | ||
| 300 | |a 211 tr. |b ảnh, bản đồ |c 24 cm. | ||
| 500 | |a Đầu bìa sách ghi: Bộ Giáo dục và Đào. Dự án Đào tạo Giáo viên THCS | ||
| 504 | |a Thư mục đầu sách | ||
| 520 | |a Trình bày khái niệm và những kiến thức cơ bản về địa lí tự nhiên châu Nam Cực, châu đại Dương, châu Á; Khái quát về địa lí nhân văn và đặc điểm phát triển kinh tế xã hội các nước châu Á; Phương pháp dạy học bộ môn địa lí các châu... | ||
| 650 | 0 | 4 | |2 Bộ TK TVQG |a Địa lý kinh tế |v Giáo trình |z Châu lục |
| 650 | 0 | 4 | |a Địa lý xã hội |v Giáo trình |z Châu lục |
| 650 | 0 | 4 | |a Địa lý tự nhiên |v Giáo trình |z Châu lục |
| 653 | |2 Bộ TK TVQG |a Địa lí tự nhiên | ||
| 653 | |a Địa lí kinh tế | ||
| 653 | |a Địa lí các châu lục | ||
| 653 | |a Châu Đại Dương | ||
| 653 | |a Châu Á | ||
| 653 | |a Châu Nam Cực | ||
| 653 | |a Đại lí xã hội | ||
| 655 | 7 | |2 Bộ TK TVQG |a Giáo trình | |
| 700 | 1 | |a Ông Thị Đan Thanh | |
| 773 | |a Nguyễn Phi Hạnh |b In lần thứ 3 |d H. |d 2009 |d Đại học Sư phạm |n Đầu bìa sách ghi: Bộ Giáo dục và Đào. Dự án Đào tạo Giáo viên THCS |t Giáo trình địa lí các châu lục |w 424553 | ||
| 773 | |d Đại học Sư phạm |d H. |d 2015 |t Địa lí các châu lục |w 19704 | ||
| OWN | |a LSP | ||
| AVA | |a UDN50 |b LSP |d 910.71 NG-H |e check_holdings |t Error 5003 Not defined in file expand_doc_bib_avail. |h N |k 1 | ||
| 999 | |a From the UDN01 | ||
| AVA | |a UDN50 |b LSP |d 910.71 NG-H |e available |t Error 5001 Not defined in file expand_doc_bib_avail. |f 20 |g 0 |h N |i 40 |k 1 | ||
| TYP | |a Monograph | ||
| TYP | |a Printed language | ||
| 980 | |a Mạng thư viện Đại học Đà Nẵng | ||